| 000 | 00844nmm a2200277 a 4500 | ||
|---|---|---|---|
| 001 | ocm000924683 | ||
| 003 | TR-IsHL | ||
| 005 | 20201028145429.0 | ||
| 008 | 150110s2013 tu tur | ||
| 007 | cr cn | ||
| 020 | _a9789756316788 | ||
| 035 |
_a924683 _b(N$T) |
||
| 050 | 0 | 4 |
_aPL248.N36 _bV3 2013 |
| 090 | 0 | 4 |
_aPL248.N36 _bV3 2013 |
| 100 | 1 | _aNamık Kemal | |
| 245 | 1 | 0 |
_aVatan yahut Silistre _h[electronic resource] / _cNamık Kemal |
| 250 | _a4. bs. | ||
| 260 |
_aİstanbul : _bBilge Kültür Sanat, _c2013 |
||
| 300 | _a97 p. | ||
| 650 | 4 | _aDil ve Edebiyat | |
| 650 | 4 | _aLanguage and Literature | |
| 650 | 0 | _aTürk tiyatrosu | |
| 650 | 0 | _aTurkish drama | |
| 650 | 7 |
_aLITERARY COLLECTIONS / Middle Eastern _2bisacsh |
|
| 856 | 4 | 0 | _uhttp://search.ebscohost.com/login.aspx?direct=true&scope=site&db=e011xww&AN=924683 |
| 999 |
_c9945 _d9945 |
||